University Home | Library Home | Institutional Repository

European witch trials. (Record no. 172532)

MARC details
000 -LEADER
fixed length control field 00713cam7a220024100 4500
001 - CONTROL NUMBER
control field zam00003434
008 - FIXED-LENGTH DATA ELEMENTS--GENERAL INFORMATION
fixed length control field 951128s1976 xx eng u
035 ## - SYSTEM CONTROL NUMBER
System control number (Sirsi) r20762
035 ## - SYSTEM CONTROL NUMBER
System control number (MACHINE)SLC.
100 ## - MAIN ENTRY--PERSONAL NAME
Personal name Kiekkhefer, R.
Linkage A82224.1
245 10 - TITLE STATEMENT
Title European witch trials.
260 ## - PUBLICATION, DISTRIBUTION, ETC.
Date of publication, distribution, etc. 1976.
591 ## -
-- Class code: RS 230.
591 ## -
-- Course: Indigenous religions of Central Africa.
591 ## -
-- School: S03.
591 ## -
-- Lecturer: Fr. FLYNN, E.
591 ## -
-- Number of Students: 25.
949 ## - LOCAL PROCESSING INFORMATION (OCLC)
a BF1569
w lcc
i -19796
m MAIN
t BOOK
l ON-SHELF
949 ## - LOCAL PROCESSING INFORMATION (OCLC)
a BF1569
w lcc
i -19797
m MAIN
t BOOK
l ON-SHELF
900 ## - EQUIVALENCE OR CROSS-REFERENCE-PERSONAL NAME [LOCAL, CANADA]
-- MAIN
Field link and sequence number BF1569
-- KIE
Titles and other words associated with a name 2
909 ## -
-- Book

No items available.

© 2026 - The University of Zambia Library - Koha v25.11